British financial markets and institutions (Record no. 78868)
[ view plain ]
| 000 -LEADER | |
|---|---|
| fixed length control field | 00677nam a2200145 a 4500 |
| 008 - FIXED-LENGTH DATA ELEMENTS--GENERAL INFORMATION | |
| fixed length control field | 120416s1985 ||||||||||||||||| || u |
| 050 ## - LIBRARY OF CONGRESS CALL NUMBER | |
| Classification number | HG 186.G7 Pea |
| 100 ## - MAIN ENTRY--PERSONAL NAME | |
| Personal name | Peasnell, Kenneth V |
| 245 10 - TITLE STATEMENT | |
| Title | British financial markets and institutions |
| 260 ## - PUBLICATION, DISTRIBUTION, ETC. | |
| Place of publication, distribution, etc. | Englewood Cliffs, N.J. |
| Name of publisher, distributor, etc. | FT Prentice-Hall |
| Date of publication, distribution, etc. | 1985 |
| 300 ## - PHYSICAL DESCRIPTION | |
| Extent | xv, 240p. : ill |
| 350 ## - | |
| -- | 0.00 |
| 995 ## - | |
| -- | MAIN LIBRARY OPEN ACCESS |
| -- | 0.00 |
| -- | 708551 |
| -- | CBU-MAIN LIBRARY (Kitwe) |
| -- | 1 |
| -- | 9.95 |
| -- | HG 186.G7 Pea |
| -- | 2 |
| -- | AVAILABLE |
| -- | 021799 |
| -- | Main Library Open Access Collection |
| 995 ## - | |
| -- | MAIN LIBRARY OPEN ACCESS |
| -- | 0.00 |
| -- | 708552 |
| -- | CBU-MAIN LIBRARY (Kitwe) |
| -- | 2 |
| -- | 9.95 |
| -- | HG 186.G7 Pea |
| -- | 1 |
| -- | AVAILABLE |
| -- | 007343 |
| -- | Main Library Open Access Collection |
| 999 ## - | |
| -- | 78868 |
| -- | 78868 |
No items available.